000 00431nam a2200181Ia 4500
001 8488
005 20260306160613.0
008 260306t2013||||xx |||||||||||||| ||spa||
041 _aESP
082 _a371.1
_bM27E V. 1
100 _aMevius, Mónica
_eAUT
245 0 _aArte, juego y movimiento. Volumen 1
260 _c2013
300 _a268 páginas :
_c22 cm.
650 _aGEN
654 _aCED
942 _cLIB
_dJUS
_fJUS
_2ddc
_n
999 _c8488
_d8488